000 00640nam a22001697a 4500
003 OSt
005 20171010095516.0
008 120814t xxu||||| |||| 00| 0 eng d
040 _aMMSU
_cULS
100 _aValentin, Nellie P.
_912159
245 _aEffects of topping, distance of planting and time of fertilizer application on the yield and quality of (Ilocos red) processing tomato
_cNellie P. Valentin
260 _c2000
300 _axvi, 108 leaves
_c28 cm.
500 _aThesis (MS Agriculture-Agronomy) -- Mariano Marcos State University-Graduate School, Laoag City
504 _aBibliography: leaves70-71
942 _2ddc
_cTHEDIS
999 _c9732
_d9732